000 00383nam a22001457a 4500
008 250321b |||||||| |||| 00| 0 eng d
020 _a0874349508
050 _aRT86.7
_b.B69
100 _aBozoll RN Joanna
245 _aAnatomy of a job search
260 _aU.S.A
_bSringhouse
_c1999
300 _axiii,146p
650 _aNursing vocational guidance
_vNurses employment
942 _cBK
999 _c2594
_d2594